| 000 | 01599cam a2200265 4500 | ||
|---|---|---|---|
| 001 | ABS68021 | ||
| 008 | 040730n2004 000 0 eng u | ||
| 035 | _a(Sirsi) u126983 | ||
| 100 | _aJones, P. | ||
| 245 | _aSteaming ahead | ||
| 260 | _c2004 | ||
| 490 |
_aPremises and Facilities Management _vJuly 2004, 21-22(2) |
||
| 520 | _aExamines recent government action towards achieving greater energy efficiency. Notes how the government's Climate Change Programme 2000 restated its target to reduce CO2 emissions to 12.5% below 1990 levels by 2008-12 with a further domestic target of a 20% reduction by 2010. The building sector has been affected in the last few years by the Climate Change Levy, enhanced capital allowances and changes to Part L of the Building Regulations. In April 2002 the industry saw a major update to Part L of the Building Regulations, but implementation of this is patchy. The government has also been developing new policies leading to the publication of its Energy White paper in 2003, "Our energy future - creating a low carbon economy" (J125519). This sets out a long term goal to reduce the UK's carbon emissions by 60%. | ||
| 590 | _aABS | ||
| 590 | _aABS | ||
| 650 | _aENERGY-EFFICIENCY | ||
| 650 | _aBUILDING SERVICES DESIGNERS | ||
| 650 | _aMAINTENANCE MANAGEMENT | ||
| 650 | _aCLIMATE CHANGE PROGRAMME | ||
| 650 | _aBUILDING REGULATIONS 2000 APPROVED DOCUMENT L1 (2002 EDITION) | ||
| 650 | _aBUILDING REGULATIONS 2000 APPROVED DOCUMENT L2 (2002 EDITION) | ||
| 650 |
_aFACILITIES MANAGEMENT _96240 |
||
| 690 | _aENERGY-EFFICIENCY | ||
| 942 | _n0 | ||
| 999 |
_c117800 _d117800 |
||